[Event "LSS SM-2009-0-00092"]
[Site "LSS email"]
[Date "2010.01.06"]
[Round "?"]
[White "Aguilar, Sebastian"]
[Black "Kireev, Sergey Ivanovich"]
[Result "0-1"]
[WhiteElo "2033"]
[BlackElo "2273"]
[PlyCount "94"]
[EventDate "2009.12.08"]
[EventType "tourn (corr)"]
[EventRounds "6"]
[EventCountry "GER"]
[SourceTitle "Telechess CBM 141"]
[Source "ChessBase"]
[SourceDate "2011.03.17"]
[SourceVersion "1"]
[SourceVersionDate "2011.03.17"]
[SourceQuality "1"]

1. e4 e5 2. Nf3 Nc6 3. Bb5 a6 4. Ba4 Nf6 5. 0-0 Be7 6. Re1 b5 7. Bb3 0-0 8. c3 d5 9. exd5 Nxd5 10. Nxe5 Nxe5 11. Rxe5 c6 12. Re1 Bd6 13. d4 Qh4 14. g3 Qh3 15. Re4 g5 16. Qf1 Qh5 17. Nd2 f5 18. Bd1 Qh6 19. Re1 f4 20. Ne4 Bc7 21. Bd2 Bf5 22. Nc5 fxg3 23. hxg3 Nf4 24. gxf4 gxf4 25. Qg2+ Kh8 26. Qh2 Rg8+ 27. Kh1 Qxh2+ 28. Kxh2 f3+ 29. Kh1 Rg2 30. Bb3 Rxf2 31. Be3 Rh2+ 32. Kg1 Rf8 33. Rf1 Bh3 34. Rf2 Bg2 35. Rxg2 Rxg2+ 36. Kf1 Rf5 37. d5 cxd5 38. Bd4+ Be5 39. Re1 Bxd4 40. Re8+ Kg7 41. Ne6+ Kf7 42. Nxd4 Kxe8 43. Nxf5 Rxb2 44. Bxd5 Rc2 45. Nd4 Rxc3 46. Nxf3 h5 47. Kf2 Ke7 0-1